| 000 | 00329nam a2200121Ia 4500 | ||
|---|---|---|---|
| 005 | 20251222144905.0 | ||
| 008 | 251222s9999||||xx |||||||||||||| ||spa|| | ||
| 082 | _a382.71/C33 | ||
| 100 | _aCastañeda, Vicente M. | ||
| 245 | 0 | _aTratado de Libre Comercio Perú-Estados Unidos: | |
| 264 | _bUniversidad Alas Peruanas | ||
| 942 | _cLIB | ||
| 999 |
_c22143 _d22143 |
||